000 00337 a2200169 4500
001 184798
020 _a85-16-01034-1
040 _cMagnum
100 _aJaf, Ivan
240 1 0 _aBeijo na boca
_lpor
245 1 0 _aBeijo na boca
300 _a
362 0 _a1994
440 1 _aModerna
697 _aLITERATURA JUVENIL
942 _cBK
999 _c184798
_d184798